|
|
|
|
| LEADER |
00000ny a22000003n 4500 |
| 005 |
20110615132146.0 |
| 008 |
100325s 000 0 eng d |
| 020 |
|
|
|a 9782743010231
|
| 035 |
|
|
|a 2285
|
| 040 |
|
|
|d vLex
|
| 090 |
|
|
|c 712
|d 712
|
| 100 |
1 |
|
|a Sansv̌řino-Godfrin, Valřie
|
| 245 |
1 |
3 |
|a Le cadre juridique de la gestion des risques naturels
|h [Recurso electrn̤ico]
|c Valřie Sansv̌řino-Godfrin
|
| 256 |
|
|
|a Servicio en ln̕ea
|
| 260 |
|
|
|a Francia :
|b Lavoisier,
|c 2008
|
| 300 |
|
|
|a v.
|
| 506 |
1 |
|
|a Contenido solo disponible en los productos indicados
|d vLex Global
|d vLex Global (Academic Edition, excluding Law Schools)
|d vLex Global (U.S. Academic Edition, Law Schools)
|d vLex Global (U.S. Academic Edition, excluding Law Schools)
|d vLex Global (Academic Edition, Law Schools)
|
| 650 |
0 |
4 |
|a Catastrofes naturales
|
| 650 |
0 |
4 |
|a Medio Ambiente
|x Derecho
|
| 740 |
0 |
|
|a vLex Libros (Servicios en ln̕ea)
|
| 856 |
4 |
0 |
|u http://vlex.com/source/2285
|z Acceso restringido
|
| 942 |
|
|
|c BOOK
|
| 999 |
0 |
|
|a Environment
|b Francia
|